000 00578nam a2200193Ia 4500
003 IN-BaIIA
008 211028s9999 xx 000 0 eng d
020 _a81-900825-6-6
040 _cIIA Library
080 _a2
_bMUR
245 0 _aInternational caliber - 2003
_bmapping technology on libraries and people
_cedited by T. A. V. Murthy
260 _aAhmedabad
_bINFLIBNET Centre
_c2003
300 _axvi, 728p.
650 _aCaliber
_927217
650 _aLibrary Science
_98327
650 _aMapping Technology
_927218
700 _aMurthy, T. A. V., ed.
_927219
942 _cBK
999 _c15007
_d15007